| 000 | 00812nam0a22002291 4500 | ||
|---|---|---|---|
| 001 | rc\24338 | ||
| 005 | 20250620151351.0 | ||
| 035 | _a(NLR Aleph) 005311666 | ||
| 090 |
_a6392669 _c6392669 |
||
| 100 | _a20021216d1995 |||y0rusy50 ca | ||
| 101 | 0 | _arus | |
| 102 | _aRU | ||
| 105 | _ay ||||||||| | ||
| 200 | 1 |
_aМетод средних в экономических расчетах _eУчеб. пособие _fС.-Петерб. торгово-экон. ин-т |
|
| 210 |
_aСПб. _cСПбТЭИ _d1995 |
||
| 215 |
_a39 с. _d20 |
||
| 700 | 1 |
_7ca _8rus _aАфанасьев _bВ. И. _cд-р экон. наук, статистика _gВячеслав Иванович _9196905 _3RU\NLR\AUTH\770196956 |
|
| 801 | 0 |
_aRU _bNLR _gpsbo |
|
| 801 | 1 |
_aRU _bELAR _2rusmarc |
|
| 852 |
_aNLR _j96-4/9159 |
||
| 942 | _cBOOK | ||
| 980 | _aNB | ||